Sports Quiz

Random Sports Quiz

NBA Western Conference 2013-2014 (Players/Coaches) Quiz Stats

Quiz not verified by Sporcle

Challenge
Share
Tweet
Embed
Score 0/233 Timer 20:00
0 Plays Today
Team Answer % Correct
Dallas MavericksDirk Nowitzki
86.3%
Dallas MavericksMonta Ellis
73.8%
Golden State WarriorsStephen Curry
72.9%
Houston RocketsDwight Howard
72.1%
Houston RocketsJames Harden
71.7%
Golden State WarriorsDraymond Green
69.6%
Phoenix SunsGerald Green
69.2%
San Antonio SpursDanny Green
68.8%
Los Angeles ClippersWillie Green
68.8%
San Antonio SpursTony Parker
68.3%
Golden State WarriorsKlay Thompson
67.9%
Memphis GrizzliesMarc Gasol
67.5%
San Antonio SpursTim Duncan
67.5%
Los Angeles LakersPau Gasol
67.5%
Sacramento KingsJason Thompson
67.5%
New Orleans PelicansAnthony Davis
67.1%
Memphis GrizzliesEd Davis
66.7%
Oklahoma City ThunderRussell Westbrook
66.7%
Memphis GrizzliesZach Randolph
66.3%
Oklahoma City ThunderKevin Durant
66.3%
Denver NuggetsAnthony Randolph
65.8%
Oklahoma City ThunderReggie Jackson
65.4%
Dallas MavericksShawn Marion
65%
Golden State WarriorsMark Jackson
65%
Los Angeles ClippersBlake Griffin
65%
Los Angeles ClippersChris Paul
65%
Los Angeles LakersKobe Bryant
65%
Dallas MavericksVince Carter
64.6%
Houston RocketsJeremy Lin
64.6%
Portland Trail BlazersLaMarcus Aldridge
64.6%
Golden State WarriorsDavid Lee
64.2%
Sacramento KingsDeMarcus Cousins
62.9%
San Antonio SpursKawhi Leonard
62.5%
Minnesota TimberwolvesKevin Love
62.5%
Portland Trail BlazersMeyers Leonard
62.5%
Golden State WarriorsHarrison Barnes
62.5%
Minnesota TimberwolvesRicky Rubio
62.1%
Los Angeles ClippersMatt Barnes
62.1%
Portland Trail BlazersDamian Lillard
61.7%
New Orleans PelicansMonty Williams
61.3%
Portland Trail BlazersMo Williams
61.3%
Utah JazzMarvin Williams
61.3%
Golden State WarriorsAndrew Bogut
61.3%
Los Angeles LakersShawne Williams
61.3%
Sacramento KingsDerrick Williams
61.3%
San Antonio SpursManu Ginobili
60.8%
Denver NuggetsTy Lawson
60.8%
Houston RocketsTerrence Jones
60.4%
Memphis GrizzliesMike Conley
60.4%
Oklahoma City ThunderSerge Ibaka
60.4%
Oklahoma City ThunderPerry Jones
60.4%
Los Angeles ClippersDeAndre Jordan
60.4%
Dallas MavericksJose Calderon
59.6%
Houston RocketsChandler Parsons
59.6%
Los Angeles ClippersDoc Rivers
58.8%
San Antonio SpursTiago Splitter
58.3%
New Orleans PelicansAustin Rivers
57.9%
Golden State WarriorsAndre Iguodala
57.9%
Dallas MavericksSamuel Dalembert
57.5%
Houston RocketsOmer Asik
57.5%
Portland Trail BlazersNicolas Batum
57.5%
New Orleans PelicansRyan Anderson
56.7%
Denver NuggetsKenneth Faried
56.7%
Oklahoma City ThunderKendrick Perkins
56.3%
Los Angeles LakersWesley Johnson
56.3%
Oklahoma City ThunderScott Brooks
55.4%
Sacramento KingsIsaiah Thomas
55.4%
Houston RocketsAaron Brooks
55%
San Antonio SpursGregg Popovich
55%
Portland Trail BlazersWesley Matthews
54.6%
Minnesota TimberwolvesKevin Martin
53.8%
New Orleans PelicansTyreke Evans
53.3%
Utah JazzJeremy Evans
53.3%
Phoenix SunsGoran Dragic
53.3%
Houston RocketsGreg Smith
52.9%
Memphis GrizzliesTony Allen
52.9%
New Orleans PelicansJason Smith
52.9%
Los Angeles ClippersJamal Crawford
52.9%
Team Answer % Correct
Phoenix SunsIsh Smith
52.9%
Dallas MavericksRick Carlisle
52.5%
Houston RocketsPatrick Beverley
52.5%
Phoenix SunsEric Bledsoe
52.5%
Minnesota TimberwolvesNikola Pekovic
51.7%
Los Angeles ClippersJ.J. Redick
51.7%
Denver NuggetsAndre Miller
50.8%
Memphis GrizzliesMike Miller
50.4%
New Orleans PelicansEric Gordon
50.4%
New Orleans PelicansDarius Miller
50.4%
Denver NuggetsQuincy Miller
50.4%
Dallas MavericksDevin Harris
49.6%
New Orleans PelicansJrue Holiday
49.6%
Utah JazzDerrick Favors
49.6%
Utah JazzMike Harris
49.6%
Houston RocketsKevin McHale
49.2%
Utah JazzTrey Burke
49.2%
Utah JazzGordon Hayward
49.2%
Los Angeles LakersSteve Nash
49.2%
Phoenix SunsMarkieff Morris
49.2%
Phoenix SunsMarcus Morris
49.2%
Denver NuggetsJaVale McGee
48.3%
Denver NuggetsWilson Chandler
47.9%
Utah JazzEnes Kanter
47.9%
Portland Trail BlazersRobin Lopez
47.5%
Oklahoma City ThunderThabo Sefolosha
47.5%
Los Angeles ClippersDarren Collison
47.5%
San Antonio SpursPatty Mills
47.1%
Denver NuggetsDanilo Gallinari
47.1%
Oklahoma City ThunderNick Collison
47.1%
Dallas MavericksBrandan Wright
46.7%
Portland Trail BlazersDorell Wright
46.7%
Los Angeles LakersSteve Blake
46.7%
Denver NuggetsNate Robinson
45.8%
Dallas MavericksBernard James
45.4%
Portland Trail BlazersThomas Robinson
45.4%
Los Angeles LakersJordan Hill
45%
Oklahoma City ThunderDerek Fisher
44.6%
San Antonio SpursBoris Diaw
44.2%
Minnesota TimberwolvesJose Barea
43.8%
Oklahoma City ThunderJeremy Lamb
43.8%
Houston RocketsRonnie Brewer
43.3%
Minnesota TimberwolvesCorey Brewer
43.3%
Los Angeles LakersNick Young
43.3%
Oklahoma City ThunderSteven Adams
42.9%
Dallas MavericksDeJuan Blair
42.5%
Los Angeles LakersMike D'Antoni
42.5%
Memphis GrizzliesTayshaun Prince
42.1%
Los Angeles ClippersJared Dudley
42.1%
Utah JazzAlec Burks
41.7%
Los Angeles LakersChris Kaman
40.4%
San Antonio SpursMatt Bonner
40%
Utah JazzRichard Jefferson
40%
Denver NuggetsJJ Hickson
38.3%
Denver NuggetsTimofey Mozgov
38.3%
Dallas MavericksShane Larkin
37.1%
Denver NuggetsRandy Foye
37.1%
Memphis GrizzliesKosta Koufos
36.7%
San Antonio SpursMarco Belinelli
36.7%
Phoenix SunsChanning Frye
35.8%
Sacramento KingsMarcus Thornton
35.8%
Sacramento KingsGreivis Vasquez
35.8%
Minnesota TimberwolvesRick Adelman
35.4%
Denver NuggetsBrian Shaw
35%
Memphis GrizzliesJerryd Bayless
34.6%
New Orleans PelicansAl-Farouq Aminu
34.6%
Dallas MavericksJae Crowder
34.2%
Golden State WarriorsJermaine O'Neal
34.2%
Sacramento KingsBen McLemore
34.2%
Houston RocketsFrancisco Garcia
33.3%
Los Angeles ClippersRyan Hollins
33.3%
Los Angeles LakersJodie Meeks
33.3%
Oklahoma City ThunderHasheem Thabeet
32.9%
Denver NuggetsEvan Fournier
32.5%
Phoenix SunsMiles Plumlee
32.5%
Golden State WarriorsFestus Ezeli
32.1%
Golden State WarriorsMarreese Speights
30.8%
Los Angeles LakersJordan Farmar
30.4%
Team Answer % Correct
Los Angeles LakersXavier Henry
30.4%
Golden State WarriorsKent Bazemore
30%
Los Angeles LakersRobert Sacre
30%
Sacramento KingsPatrick Patterson
30%
Memphis GrizzliesQuincy Pondexter
29.6%
San Antonio SpursCory Joseph
29.2%
Phoenix SunsAlex Len
29.2%
Houston RocketsOmri Casspi
28.8%
Minnesota TimberwolvesAlexey Shved
28.8%
Minnesota TimberwolvesDante Cunningham
28.3%
Sacramento KingsCarl Landry
27.5%
New Orleans PelicansBrian Roberts
27.1%
Phoenix SunsEmeka Okafor
27.1%
Denver NuggetsJordan Hamilton
26.7%
Los Angeles ClippersAntawn Jamison
26.7%
Utah JazzAndris Biedrins
26.3%
Golden State WarriorsToney Douglas
26.3%
San Antonio SpursAron Baynes
25.8%
Utah JazzTyrone Corbin
25.8%
Phoenix SunsP.J. Tucker
25.8%
Sacramento KingsJohn Salmons
25.8%
Minnesota TimberwolvesGorgui Dieng
25.4%
Portland Trail BlazersTerry Stotts
25%
Phoenix SunsJeff Hornacek
25%
Denver NuggetsDarrell Arthur
24.6%
Minnesota TimberwolvesRonny Turiaf
24.6%
Dallas MavericksWayne Ellington
24.2%
Portland Trail BlazersC.J. McCollum
23.8%
Sacramento KingsJimmer Fredette
23.8%
Dallas MavericksGal Mekel
23.3%
Portland Trail BlazersJoel Freeland
22.1%
Sacramento KingsChuck Hayes
22.1%
Portland Trail BlazersEarl Watson
21.7%
Sacramento KingsMichael Malone
21.7%
Los Angeles ClippersByron Mullens
21.3%
Portland Trail BlazersWill Barton
20.8%
Houston RocketsDonatas Motiejunas
20.4%
San Antonio SpursJeff Ayres
20.4%
Utah JazzJohn Lucas
20%
Minnesota TimberwolvesLuc Mbah a Moute
19.2%
Minnesota TimberwolvesShabazz Muhammad
19.2%
Golden State WarriorsNemanja Nedovic
18.8%
New Orleans PelicansGreg Stiemsma
18.3%
Portland Trail BlazersVictor Claver
18.3%
Dallas MavericksRicky Ledo
17.9%
Houston RocketsIsaiah Canaan
17.9%
Los Angeles LakersRyan Kelly
17.9%
Memphis GrizzliesNick Calathes
17.5%
Memphis GrizzliesJon Leuer
17.5%
Minnesota TimberwolvesA.J. Price
17.5%
San Antonio SpursNando De Colo
17.1%
Utah JazzRudy Gobert
17.1%
Utah JazzIan Clark
16.7%
Utah JazzBrandon Rush
16.3%
Los Angeles ClippersReggie Bullock
15.8%
Portland Trail BlazersAllen Crabbe
15.4%
Oklahoma City ThunderAndre Robertson
15%
New Orleans PelicansAnthony Morrow
14.6%
Golden State WarriorsOgnjen Kuzmic
14.6%
Memphis GrizzliesDavid Joerger
14.2%
Oklahoma City ThunderRyan Gomes
13.8%
Sacramento KingsTravis Outlaw
13.8%
Phoenix SunsArchie Goodwin
13.3%
Memphis GrizzliesJamaal Franklin
12.9%
New Orleans PelicansJeff Withey
12.9%
Minnesota TimberwolvesRobbie Hummel
10.8%
Sacramento KingsRay McCallum
10%
Houston RocketsRobert Covington
9.6%
Los Angeles ClippersMaalik Wayns
9.6%
New Orleans PelicansLou Amundson
9.2%
Utah JazzDiante Garrett
8.3%
Phoenix SunsDionte Christmas
7.9%
Sacramento KingsHamady Ndiaye
7.9%
Phoenix SunsViacheslav Kravtsov
7.5%
Golden State WarriorsDewayne Dedmon
6.7%
New Orleans PelicansJosh Childress
5.8%
Minnesota TimberwolvesChase Bundinger
3.3%

You're not logged in!

Compare scores with friends on all Sporcle quizzes.
Sign Up with Email
OR
Log In

You Might Also Like...

Show Comments

Extras

Top Quizzes Today


Score Distribution

Your Account Isn't Verified!

In order to create a playlist on Sporcle, you need to verify the email address you used during registration. Go to your Sporcle Settings to finish the process.